000 00273nam a2200121Ia 4500
005 20260328101508.0
008 260328s9999||||xx |||||||||||||| ||und||
245 0 _aCathedrale Saint Jean - Lyon /
260 _bLescuyer
300 _a58 p.
650 _aHISTORIA
942 _cBK
999 _c9104
_d9104